Top 15 piłkarzy 2018 - Statystyki

Ogólne statystyki
  • Ten quiz został rozwiązany 47 razy
  • Średni wynik to 11 z 15
Statystyki odpowiedzi
Hint Odpowiedź % Poprawnych
Argentyna Lionel Messi
98%
Portugalia Cristiano Ronaldo
95%
Chorwacja Luka Modrić
95%
Brazylia Neymar Jr
93%
Polska Robert Lewandowski
90%
Urugwaj Luis Suárez
88%
Walia Gareth Bale
86%
Belgia Kevin De Bruyne
79%
Belgia Eden Hazard
74%
Francja Kylian Mbappé
71%
Kostaryka Keylor Navas
69%
Francja Karim Benzema
55%
Belgia Romelu Lukaku
52%
Argentyna Sergio Agüero
40%
Hiszpania David De Gea
26%
Nie znaleziono quizów pasujących do podanych kryteriów
Rozkład punktacji
Procent ludzi z każdym wynikiem
Percentyl według liczby udzielonych odpowiedzi
Twoja historia wyników
Nie rozwiązałeś tego quizu